The countries the USA searches the most - Statistics

General Stats
  • This quiz has been taken 65 times
  • The average score is 14 of 17
Answer Stats
Average popularity Country % Correct
3 Australia
98%
4 Canada
98%
7 China
98%
6 France
97%
5 United Kingdom
97%
10 Mexico
93%
3 Russia
93%
4 Germany
92%
8 Japan
92%
4 Italy
90%
7 Spain
88%
6 India
85%
2 Israel
58%
3 Greece
52%
2 Philippines
47%
2 Colombia
42%
2 Thailand
42%
No matching quizzes found
Score Distribution
Percent of People with Each Score
Percentile by Number Answered
Your Score History
You have not taken this quiz